Регионална библиотека "Любен Каравелов" - Русе

Византийските василевси (Запис номер 15836)

MARC детайли
000 -Лидер
Контролно поле с фиксирана дължина 01432nam a2200337 c 4500
003 - Код на организацията, давaща контролен номер
Контролно поле BLK
005 - Дата и час на последна редакция
Контролно поле 20220105160100.0
008 - Елементи от данни с фиксирана дължина
fixed length control field 180413b bul|||||r ||||||| ||bul||
010 ## - Наследен системен номер
LC control number KNG00017643000
020 ## - Международен стандартен номер на книга ISBN
Международен стандартен номер на книга ISBN 954-584-197-4
-- издат.: Абагар Пъблишинг
040 ## - Източник на каталожния запис
Идентификатор на билиотеката - собственик на записа BLK
041 ## - Код за език
Код за езика на текст/звукозапис или на отделно заглавие Български
Код за езика КДБФ Български
080 ## - УДК
Текстов определител УДК История на Византия и Гърция
УДК код - определител по УДК 94(495)
УДК определител (092)(035)
УДК - код + определител 94(495)(092)(035)
080 ## - УДК
Текстов определител УДК Отделни родове. Фамилии. История на родовете
УДК код - определител по УДК 929.52
УДК определител (495)(035)
УДК - код + определител 929.52(495)(035)
080 ## - УДК
Текстов определител УДК Биографии
УДК код - определител по УДК 929
УДК определител (495)
УДК - код + определител 929(495)
139 ## - Редно поле
Редна дума Византийските василевси
Авторски знак Виз - В 58
245 10 - Сведения за заглавието
Заглавие Византийските василевси
257 ## - Страна на издаване
Страна на създаване/издаване България
260 ## - Област на издателските данни
-- София
Име на издателя, разпространителя и проч. Абагар Пъблишинг
Година на издаване 1997
300 ## - Физическа характеристика
Страници 420 с.
Илюстрации и др. с ил., факс.
Размери/Мащаб 24 см
380 ## - Жанр
Жанр История
500 ## - Общи забележки
Забележка Деп. списък: 25 Други авт.: Ив Билярски, Хр. Димитров, Ил. Илиев ; 1 100 тир Геогр. руб.: Византия
650 #4 - Допълнително описание по предмет – тема
Основно описание – тема или топоним Византия - история
9 (RLIN) 247368
650 #4 - Допълнително описание по предмет – тема
Основно описание – тема или топоним Владетели, византийски
9 (RLIN) 260618
650 #4 - Допълнително описание по предмет – тема
Основно описание – тема или топоним Династии, византийски - справочници
9 (RLIN) 260619
852 ## - Местоположение
Форматна сигнатура Цб 192389
856 4# - Електронен адрес и достъп
Електронен формат pdf - файл
Път до файла /url/
856 4# - Електронен адрес и достъп
Електронен формат pdf - файл
Път до файла /url/
942 ## - АРТИКУЛИ
Вид на библиотечния материал Книги
Скрит в OPAC Не
Koha issues (borrowed), all copies 2
944 ## - СЪЗДАВАНЕ И РЕДАКЦИЯ на ЗАПИСА
Създаване/Редакция Създаване
Дата на регистрацията/редакция 15.01.2003
Служител, извършил регистрацията/редакцията Кети_Илиева
944 ## - СЪЗДАВАНЕ И РЕДАКЦИЯ на ЗАПИСА
Създаване/Редакция Редакция
Дата на регистрацията/редакция 31.01.2006
Служител, извършил регистрацията/редакцията
999 ## - СИСТЕМНИ КОНТРОЛНИ НОМЕРА
Koha biblionumber 15836
Koha biblioitemnumber 15836
Наличности
Код за отписване Код за изгубен артикул Източник на класификационната схема Код за повреда Коз за рестрикции Код за отдаване Артикулен № Име на библиотеката - собственик Име на библиотеката, в която се намира в момента Статус (Текущо местоположение) Дата на вписване в системата Местоположение - отдел Цена в лева Инвентарен номер Систематично азбучна сигнатура Баркод Номер на екземпляра Цена в евро Служебна бележка Служебен тип на артикула
  Не е изгубен Universal Decimal Classification Не е повреден без рестрикции ползва се в читалня 26814 Регионална библиотека "Любен Каравелов" Русе Регионална библиотека "Любен Каравелов" Русе Читалня 2001-01-01 Читалня 9.00 631417 Ч 93/94/В 58 120000631417 1 4.60 Дата инв: 28.03.2017 Бележки инв: Ч2017 Книги
  Не е изгубен Universal Decimal Classification Не е повреден без рестрикции ползва се в читалня 26815 Регионална библиотека "Любен Каравелов" Русе Регионална библиотека "Любен Каравелов" Русе Хранилище 2001-01-01 Хранилище 0.00 632939 Цб 192389 120000632939 2 0.00   Книги
Vip Innovations Ltd, Rousse, Bulgaria 2025